000 00832nam a22002297a 4500
003 UA-OsUOA
001 55088
007 ta
008 20080808b un ||||| |||| 00| 0 ukr d
100 _aРыжаков А. П.
090 _a343.103
_bР93
942 _cBK
040 _aUA-OsUOA
_brus
_cUA-OsUOA
_dUA-OsUOA
245 _aОсвидетельствование. Личный обыск. Следственный эксперимент. Получения образцов для следственногго исследования
_bНаучно-практическое пособие
300 _a319 с.
955 _a1
041 _arus
080 _a343.103
260 _aМ.
_bЭксперимент
_c2007
650 7 _a343 Кримінальне право. Карні порушення
_2UDC
999 _c341169
_d341169